000 00393cam a2200157ua 4500
041 _aeng
_h
082 _a828.09
_bHOG/AU
100 _aHoggart, Richard .
245 _aAuden: an introductory essay /
_cRichard Hoggart.
_hTextual Documents
250 _a1 /
_b.
260 _aLondon :
_bChatto and Windus ,
_c1965.
300 _a256 ; .
504 _a
942 _cBK
999 _c8091
_d8091